[Event "Titled Tue 10th Jun Late"]
[Site "chess.com INT"]
[Date "2025.06.10"]
[Round "4"]
[White "Kaasen, Tor Fredrik"]
[Black "Grutter, Tim"]
[Result "0-1"]
[WhiteTitle "IM"]
[BlackTitle "IM"]
[WhiteElo "2470"]
[BlackElo "2404"]
[WhiteFideId "1516647"]
[BlackFideId "1057472"]
[EventDate "2025.06.10"]

1. d4 Nf6 2. c4 g6 3. Nc3 Bg7 4. e4 d6 5. h3 O-O 6. Be3 a6 7. Nf3 c5 8. Be2 cxd4
9. Nxd4 Nc6 10. O-O Bd7 11. Nb3 Na5 12. Nd2 b5 13. cxb5 axb5 14. Nxb5 Bc6 15.
Nc3 Qb8 16. Qc2 Rc8 17. Rfc1 Qb7 18. f3 Bd7 19. Rab1 Be6 20. Qd1 d5 21. e5 Nd7
22. f4 Bf5 23. Ra1 Qxb2 24. Nxd5 Qa3 25. Bf2 Rab8 26. Nc7 Nxe5 27. fxe5 Bxe5 28.
Nd5 Bxa1 29. Rxa1 Rd8 30. Bf3 Be6 31. Nf4 Qb2 32. Be1 Qd4+ 33. Kh2 Qxf4+ 34. Bg3
Qxd2 35. Qxd2 Rxd2 36. Bxb8 Rxa2 37. Rd1 Nc4 38. Rd8+ Kg7 39. Re8 Nd2 40. Bc6
Rc2 41. Ba8 Kf6 42. Bg3 Nf1+ 43. Kg1 Nxg3 44. Rb8 Nf5 45. Rb6 Rd2 46. Be4 Ne3
47. Bf3 Kg7 48. Rb5 Bd5 49. Bxd5 Rxd5 50. Rb3 Nf5 51. Kh2 Rd2 52. Rb4 Ne3 53.
Kg3 Nxg2 54. h4 Ne3 55. h5 Nf5+ 56. Kh3 Rd3+ 57. Kg2 gxh5 58. Rb5 Kg6 59. Kh2 h4
60. Ra5 e6 61. Ra4 Kg5 62. Rb4 Rd2+ 63. Kh3 Rd3+ 64. Kh2 h5 65. Ra4 f6 66. Rb4
e5 67. Rb5 e4 68. Rb1 e3 69. Rg1+ Kf4 70. Rf1+ Ke4 71. Re1 Rd2+ 72. Kh3 e2 73.
Rb1 Rd3+ 74. Kh2 Rd1 75. Rb4+ Nd4 76. Rb8 Nf3+ 77. Kh3 Rh1+ 78. Kg2 Rh2# 0-1

[Event "Titled Tue 10th Jun Late"]
[Site "chess.com INT"]
[Date "2025.06.10"]
[Round "4"]
[White "Asish Panda"]
[Black "Brancaleoni, Maurizio"]
[Result "1/2-1/2"]
[BlackTitle "FM"]
[WhiteElo "1911"]
[BlackElo "2185"]
[WhiteFideId "45012458"]
[BlackFideId "803022"]
[EventDate "2025.06.10"]

1. e4 c6 2. c4 d5 3. cxd5 cxd5 4. exd5 Nf6 5. Nc3 Nxd5 6. Nf3 Nc6 7. d4 Bf5 8.
Bc4 e6 9. O-O Be7 10. Re1 O-O 11. Nxd5 exd5 12. Bb5 Bg4 13. Bxc6 bxc6 14. h3
Bxf3 15. Qxf3 Bf6 16. Be3 Qb6 17. Rac1 Rac8 18. Re2 Bxd4 19. Rec2 Bxe3 20. Qxe3
d4 21. Qe7 d3 22. Rd2 Rfe8 23. Qd7 Rcd8 24. Qxc6 Re1+ 25. Kh2 Rxc1 26. Qxc1 Qd6+
27. g3 h5 28. h4 Qd5 29. b3 Re8 30. Qc4 Qxc4 31. bxc4 Re2 32. Rxd3 Rxf2+ 33. Kh3
Rxa2 34. Rd8+ Kh7 35. Rd7 Kg6 36. c5 a5 37. Ra7 a4 38. Ra6+ f6 39. c6 Rc2 40.
Rxa4 Rxc6 41. Kg2 Rc3 42. Ra7 Rd3 43. Rb7 Ra3 44. Kf2 Rd3 45. Rb5 Rc3 46. Rd5
Ra3 47. Kg2 Re3 48. Kf2 Re5 49. Rd6 Kf7 50. Rd7+ Re7 51. Rd5 g6 52. Kf3 Kg7 53.
Rd6 Ra7 54. Rb6 Ra3+ 55. Kf4 Ra4+ 56. Kf3 Ra5 57. Rb7+ Kg8 58. Re7 Rf5+ 59. Ke4
Rb5 60. Rc7 Ra5 61. Kf4 Kf8 62. Ke4 Re5+ 63. Kf4 Re7 64. Rc6 Kf7 65. Rb6 Rc7 66.
Ra6 Rb7 67. Rc6 Ra7 68. Kf3 Ra5 69. Kf4 Ra4+ 70. Kf3 g5 71. hxg5 fxg5 72. Rb6
Kg7 73. Rb7+ Kf6 74. Rb6+ Kf5 75. Rb5+ Kf6 76. Rb6+ Kf7 77. Rh6 Kg7 78. Rxh5 Kg6
79. Rh8 g4+ 80. Ke3 Kf5 81. Rf8+ Kg5 82. Rg8+ Kf5 83. Rf8+ Ke5 84. Re8+ Kf5 85.
Rf8+ 1/2-1/2

[Event "Titled Tue 10th Jun Late"]
[Site "chess.com INT"]
[Date "2025.06.10"]
[Round "4"]
[White "Bukreev, Stanislav"]
[Black "Akkara, Omer"]
[Result "1-0"]
[WhiteTitle "FM"]
[BlackTitle "CM"]
[WhiteElo "2305"]
[BlackElo "2036"]
[WhiteFideId "34252347"]
[BlackFideId "26319802"]
[EventDate "2025.06.10"]

1. d4 Nf6 2. c4 e6 3. Nf3 d5 4. Nc3 Be7 5. Bf4 O-O 6. e3 b6 7. cxd5 exd5 8. Bd3
Bb7 9. O-O Nbd7 10. Ne5 h6 11. Qf3 Kh8 12. Qh3 Nxe5 13. Bxe5 c6 14. Rac1 Bc8 15.
Qg3 Be6 16. Ne2 Qd7 17. Nf4 c5 18. Nxe6 Qxe6 19. h3 Rg8 20. Qf3 Ne4 21. Rfd1 Bf6
22. Bxe4 dxe4 23. Qxe4 Rge8 24. Qf4 Bxe5 25. dxe5 Re7 26. a3 Rae8 27. Rd2 Qxe5
28. Qxe5 Rxe5 29. Rcd1 R5e7 30. Kf1 Kg8 31. Ke2 Kf8 32. g4 Re6 33. Kf3 R6e7 34.
Rd6 Re6 35. Rd7 R6e7 36. R7d3 Re6 37. b3 R6e7 38. a4 Rc7 39. Rc3 Rec8 40. e4 Ke7
41. Ke3 Rc6 42. f4 Rd6 43. Rxd6 Kxd6 44. e5+ Ke7 45. Rd3 a6 46. Ke4 b5 47. a5
Rc6 48. f5 g6 49. Kd5 Rc7 50. Rc3 c4 51. bxc4 Rd7+ 52. Kc6 b4 53. Rb3 Rd4 54. c5
Rc4 55. Kb6 gxf5 56. gxf5 f6 57. exf6+ Kxf6 58. c6 Kxf5 59. Kb7 Ke4 60. c7 Kd4
61. c8=Q Rxc8 62. Kxc8 Kc4 63. Rb1 Kb5 64. Kb7 Kxa5 65. Kc6 Ka4 66. Kc5 a5 67.
Kc4 Ka3 68. Ra1+ Kb2 69. Rxa5 Kc2 70. Rb5 Kd2 71. Rxb4 Ke3 72. Rb5 Kf3 73. Rh5
Kg3 74. Rxh6 Kh2 75. Kd4 Kg2 76. Ke4 Kh2 77. Kf3 Kh1 78. h4 Kh2 79. h5 Kh3 80.
Rg6 Kh4 81. h6 Kh5 82. h7 Kxg6 83. h8=Q Kf5 84. Qg7 Ke6 85. Qg5 Kd6 86. Qf5 Kc6
87. Qe5 Kd7 88. Qf6 Ke8 89. Qg7 Kd8 90. Qf7 Kc8 91. Qe7 Kb8 92. Qd7 Ka8 93. Ke4
Kb8 94. Kd5 Ka8 95. Kc6 Kb8 96. Qb7# 1-0

[Event "Titled Tue 10th Jun Late"]
[Site "chess.com INT"]
[Date "2025.06.10"]
[Round "4"]
[White "Gyurjinyan, Valter"]
[Black "Alekseev, Evgeny"]
[Result "1-0"]
[WhiteTitle "CM"]
[BlackTitle "GM"]
[WhiteElo "2208"]
[BlackElo "2520"]
[WhiteFideId "13318179"]
[BlackFideId "4138147"]
[EventDate "2025.06.10"]

1. e4 c5 2. Nf3 e6 3. Nc3 a6 4. g3 b5 5. Bg2 Nc6 6. d4 cxd4 7. Nxd4 Nxd4 8. Qxd4
Bb7 9. O-O Ne7 10. b3 Nc6 11. Qd2 Bc5 12. Bb2 O-O 13. a4 b4 14. Ne2 e5 15. Rad1
d6 16. Kh1 a5 17. f4 Ba6 18. Bf3 Qe7 19. f5 Kh8 20. h4 Rad8 21. Bg2 Qf6 22. Nf4
Qh6 23. Ne2 Qxd2 24. Rxd2 Be3 25. Rfd1 Bxd2 26. Rxd2 Bxe2 27. Rxe2 Rc8 28. Rd2
Nd4 29. Bxd4 exd4 30. Bf1 Rfe8 31. Bd3 g6 32. f6 Rc5 33. Kg2 Kg8 34. Rf2 h5 35.
Rf4 Rc3 36. Kf1 Re5 37. Ke1 d5 38. Kf2 dxe4 39. Bxe4 Kf8 40. Bd3 Re6 41. Rxd4
Rxf6+ 42. Kg2 Rfc6 43. Rd5 R6c5 44. Rd6 Ke7 45. Ra6 Re5 46. Kh3 Rc7 47. Rb6 Kf8
48. Rd6 Kg7 49. Bc4 Rec5 50. Bd3 Kf8 51. Ra6 Ke7 52. Bc4 Kf8 53. Bd3 Kg7 54. Kg2
f6 55. Kh3 g5 56. hxg5 fxg5 57. Rg6+ Kf7 58. Rh6 g4+ 59. Kh4 Ke7 60. Rxh5 Rxh5+
61. Kxh5 Kf6 62. Kxg4 Ke5 63. Kh5 Rg7 64. Kh4 Kf6 65. g4 Rg8 66. Be4 Rh8+ 67.
Kg3 Kg5 68. Bf5 Rd8 69. Kf3 Rd4 70. Ke3 Rf4 71. Kd3 Kf6 72. Ke3 Ke5 73. Kd3 Rf3+
74. Kc4 Kd6 75. Kb5 Re3 76. Kxa5 Kc5 77. Ka6 Re8 78. Kb7 Re7+ 79. Kc8 Kb6 80.
Kd8 Rg7 81. Ke8 Kc6 82. Kf8 Rg5 83. Kf7 Kd6 84. Kf6 Rg8 85. a5 Ra8 86. g5 Rxa5
87. g6 1-0

[Event "Titled Tue 10th Jun Late"]
[Site "chess.com INT"]
[Date "2025.06.10"]
[Round "4"]
[White "Mizzi, Jack"]
[Black "Lesovoi, Evgenij"]
[Result "1/2-1/2"]
[WhiteTitle "CM"]
[BlackTitle "FM"]
[WhiteElo "2107"]
[BlackElo "2234"]
[WhiteFideId "5602521"]
[BlackFideId "24164135"]
[EventDate "2025.06.10"]

1. d4 Nf6 2. c4 e6 3. Nf3 b6 4. g3 Ba6 5. b3 Bb4+ 6. Bd2 Be7 7. Bg2 c6 8. O-O d5
9. Qc2 Nbd7 10. Rd1 O-O 11. Ne5 Rc8 12. Nxd7 Qxd7 13. Bg5 h6 14. Bxf6 Bxf6 15.
c5 bxc5 16. Qxc5 Bxe2 17. Re1 Be7 18. Qc2 Bh5 19. Nc3 c5 20. dxc5 Bxc5 21. Qd3
Bg6 22. Qf3 Bb4 23. Rec1 Ba3 24. Rd1 Bb2 25. Nxd5 exd5 26. Rxd5 Qe6 27. Rad1 Be4
28. Qxe4 Qxe4 29. Bxe4 Bf6 30. Kg2 Rfe8 31. Bf5 Rb8 32. R1d2 g6 33. Bd3 Kg7 34.
Bc4 Re7 35. a4 Bc3 36. R2d3 Bb4 37. Rf3 a5 38. h4 h5 39. Rd4 Rb6 40. Rdf4 Rbb7
41. Rd4 Rb6 42. Rd8 Rc6 43. Ra8 Rc5 44. Ra6 Rcc7 45. Rb6 Rc5 46. Rb8 Rd7 47. Re8
Rcc7 48. Re2 Rc5 49. Re4 Rcc7 50. Rfe3 Rd2 51. Rf3 Ra7 52. Re2 Rdd7 53. Rc2 Rac7
54. Re2 Ra7 55. Re5 Rac7 56. Rb5 Re7 57. Bd5 Rcd7 58. Bc6 Rd2 59. Bd5 Rb2 60.
Kh3 Be1 61. Kg2 Bb4 62. Rb7 Rxb7 63. Bxb7 Bc5 64. Bd5 f5 65. Bc4 Kf6 66. Bd5 Ke5
67. Bf7 Kf6 68. Be8 Bb6 69. Kf1 Rb1+ 70. Ke2 Rb2+ 71. Kf1 Rb1+ 72. Kg2 Rb2 73.
Bb5 Rd2 74. Bc4 Bc5 75. Ba6 Ke5 76. Bc4 Ba7 77. Bb5 Kf6 78. Ba6 Bb8 79. Rd3 Rxd3
80. Bxd3 Bd6 81. Kf3 Bb4 82. Bc4 Bc5 83. Ke2 Bb4 84. Bb5 Bc5 85. Ba6 Bb4 86. Bb7
Bc5 87. Bc6 Bb4 88. Bd5 Bc5 89. Bf3 Bb4 90. Bg2 Bc5 91. Bh3 Bb4 92. Bf1 Bc5 93.
Kf3 Bb4 94. Bc4 Bc5 95. Ke2 Bb4 96. f3 Bd6 97. Kf2 Bb4 98. Bd5 Bc5+ 99. Kg2 Bb4
100. Bc4 Bc5 101. Bb5 Bb4 102. Ba6 Be1 103. Bb7 Ke5 104. Ba6 f4 105. gxf4+ Kf6
106. Kh3 Bb4 107. Bd3 Be1 108. Be4 Bd2 109. Kg3 Bb4 110. Bd3 Be1+ 111. Kh3 Bb4
112. Bc2 Bd2 113. Bb1 Bc3 114. Bd3 Be1 115. Bc2 Bd2 116. Kg3 Bb4 117. Bb1 Bd6
118. Bc2 Ba3 119. Bb1 Bb4 120. Bd3 Bd2 121. Be4 Be1+ 122. Kh3 Bd2 123. Kg3 1/2-1/2

[Event "Titled Tue 10th Jun Late"]
[Site "chess.com INT"]
[Date "2025.06.10"]
[Round "4"]
[White "Hofstadler, Mario"]
[Black "Mei, Austin"]
[Result "1/2-1/2"]
[WhiteTitle "CM"]
[BlackTitle "FM"]
[WhiteElo "2172"]
[BlackElo "2280"]
[WhiteFideId "1660497"]
[BlackFideId "30948479"]
[EventDate "2025.06.10"]

1. e4 Nc6 2. Nf3 e5 3. Bc4 Nf6 4. d3 h6 5. h3 d6 6. Nc3 g6 7. Nd5 Bg7 8. Nxf6+
Bxf6 9. Be3 Qe7 10. Qd2 g5 11. O-O-O Be6 12. Bxe6 fxe6 13. d4 O-O-O 14. d5 exd5
15. Qxd5 Kb8 16. a3 Rhf8 17. Rd3 Qf7 18. Qb5 a6 19. Qa4 Qa2 20. Nd2 d5 21. Rb3
d4 22. Qxc6 Qxb3 23. Nxb3 bxc6 24. Bd2 Be7 25. f3 c5 26. c4 h5 27. Na5 Rd6 28.
Nb3 Rg6 29. Be1 Kc8 30. Kd1 Kd7 31. Ke2 Rh8 32. Nc1 Bd6 33. Nd3 Rhg8 34. Bg3 Ke6
35. b4 cxb4 36. axb4 c6 37. Ra1 g4 38. fxg4 hxg4 39. h4 Ra8 40. Ra5 Bc7 41. Rc5
Rh6 42. Rxc6+ Bd6 43. c5 Kd7 44. Rxd6+ Rxd6 45. cxd6 Kxd6 46. Bxe5+ Kc6 47. Bxd4
Kb5 48. g3 Kc4 49. Bc5 Rd8 50. Ne5+ Kb5 51. Nxg4 Rg8 52. Kf3 a5 53. Nf6 Rg6 54.
Be7 a4 55. h5 Rg7 56. Bd6 a3 57. Nd5 a2 58. Nc3+ Kc6 59. Nxa2 Kxd6 60. Nc3 Rf7+
61. Ke3 Ke5 62. Nd5 Rb7 63. h6 Rh7 64. Nf4 Rxh6 65. Nd3+ Kd6 66. Kd4 Rg6 67. e5+
Ke7 68. Nf4 Rxg3 69. Nd5+ Kd7 70. Nf6+ Ke6 71. Ne4 Rg4 72. Ke3 Kxe5 73. Nc5 Kd5
74. Nd3 Rd4 75. Nf4+ Kc4 76. Ne6 Rd6 77. Nf4 Kxb4 78. Ke4 Kc4 79. Kf5 Kd4 80.
Ne6+ Kd5 81. Nf4+ Kd4 82. Ne6+ Ke3 83. Ke5 Ra6 84. Kd5 Ra5+ 85. Nc5 Kf4 86. Kc4
Ke5 87. Nd3+ Ke4 88. Nc5+ Ke3 89. Kd5 Rb5 90. Kc4 Rb1 91. Kd5 Rc1 92. Ne6 Rd1+
93. Ke5 Rd2 94. Ng5 Ra2 95. Ne6 Ra5+ 96. Kd6 Ke4 97. Nc5+ Kd4 98. Ne6+ Kc4 99.
Ke7 Rd5 100. Nf4 Rf5 101. Ne6 Kd5 102. Nc7+ Kc6 103. Ne8 Re5+ 104. Kf7 Kd7 105.
Nf6+ Kd6 106. Ne8+ Kd5 107. Nf6+ Kd4 108. Kg6 Ra5 109. Nd7 Kd5 110. Nf6+ Ke6
111. Ne4 Ra1 112. Ng5+ Ke5 113. Nf7+ Ke4 114. Kf6 Rf1+ 115. Ke6 Rh1 116. Nd6+
Kd4 117. Nf5+ Ke4 118. Nd6+ Kf4 119. Kd5 Rh6 120. Nc4 Rh5+ 121. Kd4 Rh8 122. Kd5
Rd8+ 123. Nd6 Ke3 124. Ke5 Ra8 125. Nf5+ Kd3 126. Kf4 Ra5 127. Ng3 Ra8 1/2-1/2

[Event "Titled Tue 10th Jun Late"]
[Site "chess.com INT"]
[Date "2025.06.10"]
[Round "4"]
[White "Bogaudinov, Rushan"]
[Black "Arabidze, Meri"]
[Result "1/2-1/2"]
[WhiteTitle "FM"]
[BlackTitle "IM"]
[WhiteElo "1912"]
[BlackElo "2440"]
[WhiteFideId "4129288"]
[BlackFideId "13604040"]
[EventDate "2025.06.10"]

1. d4 Nf6 2. Nf3 e6 3. g3 b5 4. Bg2 Bb7 5. O-O Be7 6. a4 b4 7. c4 bxc3 8. Nxc3
O-O 9. Re1 c5 10. e4 d5 11. e5 Ne4 12. Nxe4 dxe4 13. Nd2 cxd4 14. Nxe4 Nc6 15.
Bf4 Rb8 16. h4 Bb4 17. Rf1 Ba6 18. Qg4 Kh8 19. Rfd1 Be7 20. Nd6 Bxd6 21. exd6 e5
22. Bxc6 Qxd6 23. Bxe5 Qxe5 24. Qxd4 Qxd4 25. Rxd4 Rxb2 26. Rd7 Rb6 27. Bb5 Bxb5
28. axb5 Rxb5 29. Raxa7 Kg8 30. Rab7 Ra5 31. Ra7 Rf5 32. Kg2 h5 33. Rab7 g6 34.
Rb6 Kg7 35. Rbd6 Re8 36. Rd5 Rf6 37. R5d6 Rf5 38. Rd5 Ree5 39. Rxe5 Rxe5 40. Rd3
Ra5 41. Rc3 Ra7 42. Rd3 f6 43. Re3 Rf7 44. Re6 Rd7 45. Rc6 Kf7 46. Rb6 Re7 47.
Rc6 Re6 48. Rc7+ Re7 49. Rc6 Kg7 50. Rb6 Re5 51. Rd6 g5 52. hxg5 fxg5 53. Rc6
Rf5 54. Rd6 Rf6 55. Rd7+ Kg6 56. Rd4 Re6 57. Rc4 Kf5 58. Rc5+ Re5 59. Rc4 Ra5
60. Rb4 Rc5 61. Ra4 Rb5 62. Rc4 Re5 63. Rd4 Re4 64. Rd5+ Kf6 65. Rc5 Re5 66.
Rc6+ Re6 67. Rc4 Kg6 68. Rc5 Rf6 69. Rb5 Rf5 70. Rb6+ Rf6 71. Rb5 Rf5 72. Rb6+
Rf6 73. Rb4 Rf5 74. Rc4 Rf6 75. Rd4 Rf5 76. Rd6+ Rf6 77. Rd8 Kg7 78. Rd7+ Kg6
79. Rc7 Rf7 80. Rc6+ Rf6 81. Rc1 Re6 82. Rd1 Rf6 83. Rd2 Rf5 84. Rd3 Rf6 85. f3
Re6 86. Rd2 Ra6 87. Kf2 Rf6 88. Re2 Rd6 89. Kg2 Rf6 90. Rf2 Kf5 91. Rc2 Re6 92.
Rc5+ Re5 93. Rc2 Rd5 94. Rb2 Re5 95. Kf2 h4 96. gxh4 gxh4 97. Rb4 h3 98. Kg3 h2
99. Rf4+ Kg6 100. Rg4+ Kf6 101. Kxh2 Ra5 102. Kg3 Rb5 103. Rf4+ Kg6 104. Rc4 Ra5
105. Kg4 Rb5 106. Rc6+ Kf7 107. f4 Ra5 108. Rb6 Rc5 109. Ra6 Rb5 110. f5 Rb1
111. Ra7+ Kf6 112. Ra6+ Kf7 113. Ra4 Rg1+ 114. Kf4 Rf1+ 115. Ke5 Re1+ 116. Kf4
Rf1+ 117. Kg5 Rg1+ 118. Rg4 Rxg4+ 119. Kxg4 Kf6 120. Kf4 Kf7 121. Ke4 Kf6 122.
Kf4 Kf7 123. Ke5 Ke7 124. Kf4 Kf6 125. Kg4 Kf7 126. Kg5 Kg7 127. f6+ Kf7 128.
Kf5 Kf8 129. Ke5 Kf7 130. Kf5 Kf8 131. Kg6 Kg8 132. Kg5 Kf7 133. Kf5 1/2-1/2

[Event "Titled Tue 10th Jun Late"]
[Site "chess.com INT"]
[Date "2025.06.10"]
[Round "5"]
[White "Danila, Tudor-Gabriel"]
[Black "Escareno Rojas, Angel Salvador"]
[Result "1-0"]
[WhiteTitle "CM"]
[WhiteElo "2178"]
[BlackElo "1965"]
[WhiteFideId "1274244"]
[BlackFideId "5107733"]
[EventDate "2025.06.10"]

1. e4 c5 2. c3 d5 3. exd5 Qxd5 4. d4 cxd4 5. cxd4 Nc6 6. Nf3 Bg4 7. Nc3 Qd8 8.
d5 Ne5 9. Nxe5 Bxd1 10. Bb5+ Qd7 11. Bxd7+ Kd8 12. Nxd1 Nh6 13. Ba4 f6 14. Nf3 1-0

[Event "Titled Tue 10th Jun Late"]
[Site "chess.com INT"]
[Date "2025.06.10"]
[Round "5"]
[White "Xiong, Jeffery"]
[Black "Thomforde-Toates, Noah"]
[Result "0-1"]
[WhiteTitle "GM"]
[WhiteElo "2639"]
[BlackElo "2128"]
[WhiteFideId "2047640"]
[BlackFideId "30951992"]
[EventDate "2025.06.10"]

1. e4 c5 2. Nf3 g6 3. d4 cxd4 4. Nxd4 Bg7 5. c4 Nc6 6. Be3 Nf6 7. Nc3 Ng4 8.
Qxg4 Nxd4 9. Qd1 e5 10. Be2 O-O 11. O-O d6 12. Nb5 Qb6 13. Qd2 a6 14. Nc3 Be6
15. b3 Qa5 16. Rfd1 Qxc3 0-1

[Event "Titled Tue 10th Jun Late"]
[Site "chess.com INT"]
[Date "2025.06.10"]
[Round "5"]
[White "Petrus, Adrian"]
[Black "Kosteniuk, Alexandra"]
[Result "0-1"]
[WhiteTitle "CM"]
[BlackTitle "GM"]
[WhiteElo "2203"]
[BlackElo "2474"]
[WhiteFideId "14573652"]
[BlackFideId "4128125"]
[EventDate "2025.06.10"]

1. e4 c6 2. d4 d5 3. exd5 cxd5 4. Bd3 Nc6 5. c3 Nf6 6. Bf4 g6 7. h3 Bf5 8. Bxf5
gxf5 9. Nf3 e6 10. Ne5 Bd6 11. Nxc6 bxc6 12. Bxd6 Qxd6 13. Nd2 O-O 14. Nf3 Kh8
15. Ne5 c5 16. O-O Rab8 17. b3 Rb7 18. Qe2 Rg8 19. Kh2 Ne4 20. Qe3 f6 21. f3 Ng3 0-1

[Event "Titled Tue 10th Jun Late"]
[Site "chess.com INT"]
[Date "2025.06.10"]
[Round "5"]
[White "Loskutova, Viktoriya"]
[Black "Aranda, Juan Manuel"]
[Result "1-0"]
[WhiteTitle "WFM"]
[BlackTitle "CM"]
[WhiteElo "2092"]
[BlackElo "2134"]
[WhiteFideId "34166278"]
[BlackFideId "160458"]
[EventDate "2025.06.10"]

1. e4 d6 2. d4 g6 3. Nc3 Bg7 4. Nf3 a6 5. Be3 b5 6. h4 h5 7. Ng5 b4 8. Nd5 a5 9.
e5 e6 10. Qf3 Nh6 11. Nf6+ Bxf6 12. Qxa8 dxe5 13. Qxb8 exd4 14. Bd2 O-O 15. Bd3
Qd6 16. Ne4 Qe5 17. Bxh6 1-0

[Event "Titled Tue 10th Jun Late"]
[Site "chess.com INT"]
[Date "2025.06.10"]
[Round "5"]
[White "Zilberstein, Dmitry"]
[Black "Wang, Michael"]
[Result "0-1"]
[WhiteTitle "IM"]
[WhiteElo "2358"]
[BlackElo "1868"]
[WhiteFideId "2010739"]
[BlackFideId "30920531"]
[EventDate "2025.06.10"]

1. d4 d5 2. c4 dxc4 3. Nf3 Nf6 4. e3 e6 5. Bxc4 a6 6. a4 b6 7. Nc3 Bb7 8. O-O
Nbd7 9. b3 c5 10. d5 exd5 11. Nxd5 Bd6 12. e4 O-O 13. Bb2 Nxe4 14. Re1 Ndf6 15.
Nxf6+ Nxf6 16. Ng5 h6 17. Bxf6 Qxf6 18. Ne6 fxe6 19. Bxe6+ Kh8 0-1

[Event "Titled Tue 10th Jun Late"]
[Site "chess.com INT"]
[Date "2025.06.10"]
[Round "5"]
[White "Li, Eric 2007"]
[Black "McDonald, Jhustice-Dimonte"]
[Result "1-0"]
[WhiteTitle "IM"]
[BlackTitle "CM"]
[WhiteElo "2372"]
[BlackElo "2032"]
[WhiteFideId "30939941"]
[BlackFideId "7402481"]
[EventDate "2025.06.10"]

1. d4 g6 2. c4 Nf6 3. Nc3 Bg7 4. e4 O-O 5. Nf3 d6 6. h3 Nbd7 7. Be3 a6 8. Bd3 c6
9. O-O b5 10. b3 b4 11. Ne2 Bb7 12. a3 a5 13. Qd2 c5 14. d5 Ne5 15. Nxe5 dxe5
16. Bxc5 Nd7 17. axb4 axb4 18. Bxb4 Rxa1 19. Rxa1 f5 20. c5 f4 21. c6 f3 22.
gxf3 Rxf3 23. cxb7 Rxh3 24. Ra8 Nb8 25. Kg2 Bh6 26. Qc2 Rxd3 27. Qc8 1-0

[Event "Titled Tue 10th Jun Late"]
[Site "chess.com INT"]
[Date "2025.06.10"]
[Round "5"]
[White "Kalyani Sirin"]
[Black "Fernandez Siles, Luis"]
[Result "0-1"]
[WhiteTitle "WFM"]
[BlackTitle "FM"]
[WhiteElo "2138"]
[BlackElo "2170"]
[WhiteFideId "33323500"]
[BlackFideId "2209420"]
[EventDate "2025.06.10"]

1. e4 c5 2. Nf3 Nc6 3. d4 cxd4 4. Nxd4 Nf6 5. Nc3 e5 6. Ndb5 d6 7. Bg5 a6 8. Na3
b5 9. Nd5 Be7 10. Bxf6 Bxf6 11. c3 O-O 12. Be2 Bg5 13. O-O Rb8 14. Nc2 Be6 15.
b4 Ne7 16. Nce3 Bxe3 17. Nxe3 d5 18. f4 exf4 19. Rxf4 Ng6 20. Rf1 dxe4 21. Qc2
f5 22. a4 Qb6 23. Kh1 Qxe3 24. axb5 axb5 25. Ra5 Bc4 26. Bxc4+ bxc4 27. h3 f4
28. Raa1 f3 29. Rae1 fxg2+ 30. Qxg2 Rxf1+ 31. Rxf1 Qxc3 0-1

[Event "Titled Tue 10th Jun Late"]
[Site "chess.com INT"]
[Date "2025.06.10"]
[Round "5"]
[White "Weisz, Bryan"]
[Black "Deng, Henry"]
[Result "1-0"]
[BlackTitle "FM"]
[WhiteElo "2059"]
[BlackElo "2327"]
[WhiteFideId "30934133"]
[BlackFideId "30965454"]
[EventDate "2025.06.10"]

1. d4 d5 2. c4 c6 3. Nc3 Nf6 4. Nf3 e6 5. Bg5 Be7 6. e3 O-O 7. Qc2 Nbd7 8. Rd1
h6 9. Bh4 dxc4 10. Bxc4 b5 11. Bd3 Bb7 12. O-O Rc8 13. Ne4 Nxe4 14. Bxe7 Qxe7
15. Bxe4 Nf6 16. Bd3 c5 17. dxc5 Bxf3 18. gxf3 Rxc5 19. Qe2 a6 20. f4 e5 21.
fxe5 Qxe5 22. b3 Re8 23. Qf3 Qc7 24. Kh1 Rh5 25. Qg2 Ree5 26. Rg1 Reg5 27. Qa8+ 1-0

[Event "Titled Tue 10th Jun Late"]
[Site "chess.com INT"]
[Date "2025.06.10"]
[Round "5"]
[White "Klys, Kacper"]
[Black "Huston, Gus"]
[Result "0-1"]
[BlackTitle "IM"]
[WhiteElo "2218"]
[BlackElo "2315"]
[WhiteFideId "21005281"]
[BlackFideId "30909090"]
[EventDate "2025.06.10"]

1. e4 c5 2. Nf3 d6 3. d4 cxd4 4. Nxd4 Nf6 5. Nc3 a6 6. h3 e5 7. Nb3 Be7 8. Bg5
Be6 9. Bxf6 Bxf6 10. Nd5 Nd7 11. Qd2 O-O 12. Rd1 Bg5 13. Ne3 Nf6 14. Bd3 Qb6 15.
O-O Bxe3 16. Qxe3 Qxe3 17. fxe3 Rfc8 18. Rc1 b5 19. c3 Kf8 20. Bb1 Ke7 21. Rcd1
a5 22. Rf2 a4 23. Nd2 a3 24. Nf3 Ra7 25. Ng5 Bd7 26. Bd3 axb2 27. Rxb2 h6 28.
Nf3 Rxc3 29. Bxb5 Nxe4 30. Bxd7 Rxd7 31. a4 Ra3 32. Rb4 Nc3 33. Rd5 Nxd5 0-1

[Event "Titled Tue 10th Jun Late"]
[Site "chess.com INT"]
[Date "2025.06.10"]
[Round "5"]
[White "Gelman, Alexander"]
[Black "Durarbayli, Vasif"]
[Result "0-1"]
[WhiteTitle "IM"]
[BlackTitle "GM"]
[WhiteElo "2403"]
[BlackElo "2612"]
[WhiteFideId "4118316"]
[BlackFideId "13402935"]
[EventDate "2025.06.10"]

1. d4 Nf6 2. Nc3 d5 3. Bf4 c5 4. e3 cxd4 5. exd4 a6 6. Nf3 Bg4 7. h3 Bxf3 8.
Qxf3 Nc6 9. O-O-O e6 10. Kb1 Be7 11. g4 O-O 12. g5 Ne8 13. h4 b5 14. Qg2 b4 15.
Na4 Nd6 16. h5 Nb5 17. Be3 Qa5 18. Nc5 Bxc5 19. dxc5 Nc3+ 20. Kc1 Qxa2 21. Bd3
Ne5 22. g6 fxg6 23. hxg6 h6 24. Bxh6 Nf3 25. bxc3 Qa1# 0-1

[Event "Titled Tue 10th Jun Late"]
[Site "chess.com INT"]
[Date "2025.06.10"]
[Round "5"]
[White "Unsal, Gorkem"]
[Black "Unver, Cumayi"]
[Result "1-0"]
[WhiteTitle "CM"]
[WhiteElo "2109"]
[BlackElo "2012"]
[WhiteFideId "51607484"]
[BlackFideId "6304940"]
[EventDate "2025.06.10"]

1. e4 c6 2. d4 d5 3. e5 c5 4. dxc5 e6 5. Qg4 Nd7 6. Nf3 Nxc5 7. Be2 Bd7 8. O-O
Rc8 9. c3 Ne7 10. Bg5 Qc7 11. Bxe7 Kxe7 12. Nbd2 Ke8 13. c4 Bc6 14. cxd5 Bxd5
15. Rac1 Qd8 16. b4 Na4 17. Bb5+ Bc6 18. Rxc6 bxc6 19. Bxa4 h5 20. Qe4 a6 21.
Bxc6+ Ke7 22. Bb7 Rb8 23. Nd4 Qb6 24. Nc6+ Ke8 25. Nxb8 1-0

[Event "Titled Tue 10th Jun Late"]
[Site "chess.com INT"]
[Date "2025.06.10"]
[Round "5"]
[White "Barseghyan, Armen Ar."]
[Black "Ersoz, Teoman Guney"]
[Result "0-1"]
[WhiteTitle "IM"]
[BlackTitle "CM"]
[WhiteElo "2348"]
[BlackElo "2052"]
[WhiteFideId "13306707"]
[BlackFideId "44537050"]
[EventDate "2025.06.10"]

1. Nf3 d5 2. g3 e5 3. Bg2 e4 4. Nd4 Nf6 5. c4 c5 6. Nc2 d4 7. d3 exd3 8. exd3
Bd6 9. Nd2 O-O 10. O-O Nc6 11. a3 a5 12. Rb1 Bg4 13. Bf3 Bh3 14. Re1 Qd7 15. b4
axb4 16. axb4 cxb4 17. Nb3 Rfe8 18. Rxe8+ Rxe8 19. Ncxd4 Nxd4 20. Nxd4 Bc5 21.
Nb3 Qxd3 22. Bg5 Re1+ 23. Qxe1 Qxf3 24. Qf1 Bxf1 25. Rxf1 Qxb3 26. Ra1 h6 0-1